10 plus grandes villes de Seine-Maritime - Statistiques

Statistiques générales
  • Ce quiz a été pris 10 fois
  • Le résultat moyen est 1 sur 10
Statistiques - réponses
Hint Réponse % Correct
47 km² Le Havre
100%
53 km² Arelaune-en-Seine
10%
91 km² Petit-Caux
10%
34 km² Rives-en-Seine
10%
51 km² Vatteville-la-Rue
10%
33 km² Beauvoir-en-Lyons
0%
39 km² La Feuillie
0%
31 km² La Londe
0%
30km² Port-Jérôme-sur-Seine
0%
38 km² Terres-de-Caux
0%
Aucun quiz correspondant
Distribution des résultats
% des personnes avec chaque résultat
Percentile par nombre de réponses
Votre historique - résultats
Vous n’avez pas pris ce quiz